История предпринимательства в России: курс лекций; учебное пособие

Podrobná bibliografie
Hlavní autor: Сметанин С. И. Станислав Иннокентьевич
Shrnutí:На основе современных концепций и представлений в области истории экономики рассматриваются этапы и закономерности развития отечественного предпринимательства начиная с Киевской Руси и вплоть до окончания советского периода. Важное место отводится анализу своеобразия хозяйственной жизни страны, определившему ключевую роль государства в экономике. Особенности развития российского предпринимательства раскрываются на примере крупнейших предприятий — от многоотраслевого хозяйства Строгановых в XVI—XVII вв. до корпорации Рябушинских в начале XX в. Анализируется советское государственное предпринимательство, показана его роль в развитии страны. Для студентов высших учебных заведений, обучающихся по направлениям и специальностям в области экономики и менеджмента. Представляет интерес для широких кругов читателей.
Jazyk:ruština
Vydáno: Москва, КноРус, 2006
Témata:
Médium: MixedMaterials Kniha
KOHA link:https://koha.lib.tpu.ru/cgi-bin/koha/opac-detail.pl?biblionumber=111289

MARC

LEADER 00000nam0a2200000 4500
001 111289
005 20231031120811.0
035 |a (RuTPU)RU\TPU\book\120187 
090 |a 111289 
100 |a 20070313d2006 m y0rusy50 ca 
101 0 |a rus 
102 |a RU 
105 |a y j 001zy 
200 1 |a История предпринимательства в России  |e курс лекций  |e учебное пособие  |f С. И. Сметанин 
210 |a Москва  |c КноРус  |d 2006 
215 |a 192 с. 
320 |a Библиогр.: с. 191-192. 
330 |a На основе современных концепций и представлений в области истории экономики рассматриваются этапы и закономерности развития отечественного предпринимательства начиная с Киевской Руси и вплоть до окончания советского периода. Важное место отводится анализу своеобразия хозяйственной жизни страны, определившему ключевую роль государства в экономике. Особенности развития российского предпринимательства раскрываются на примере крупнейших предприятий — от многоотраслевого хозяйства Строгановых в XVI—XVII вв. до корпорации Рябушинских в начале XX в. Анализируется советское государственное предпринимательство, показана его роль в развитии страны. Для студентов высших учебных заведений, обучающихся по направлениям и специальностям в области экономики и менеджмента. Представляет интерес для широких кругов читателей. 
451 1 |0 (RuTPU)RU\TPU\book\148459  |y 978-5-85971-452-5  |t История предпринимательства в России  |o курс лекций  |o учебное пособие  |f С. И. Сметанин  |c М.  |n КноРус  |d 2008  |p 192 с.  |a Сметанин, Станислав Иннокентьевич 
451 1 |0 (RuTPU)RU\TPU\book\60354  |y 5-94727-008-0  |t История предпринимательства в России  |o курс лекций  |f С. И. Сметанин  |c М.  |n Палеотип  |n Логос  |d 2002  |p 196 с.  |a Сметанин, Станислав Иннокентьевич 
451 |y 5-94010-177-1 
610 1 |a монополизм 
610 1 |a СССР 
610 1 |a военный коммунизм 
610 1 |a НЭП 
610 1 |a новая экономическая политика 
610 1 |a социалистическая экономика 
610 1 |a административная система 
610 1 |a учебные пособия 
610 1 |a экономика 
610 1 |a предпринимательство 
610 1 |a история 
610 1 |a экономическая история 
610 1 |a Россия 
610 1 |a торговля 
610 1 |a 15 век 
610 1 |a 16 век 
610 1 |a 17 век 
610 1 |a 19 век 
610 1 |a 20 век 
610 1 |a промыслы 
610 1 |a предприниматели 
610 1 |a мануфактуры 
610 1 |a купцы 
610 1 |a текстильная промышленность 
610 1 |a военная промышленность 
610 1 |a капиталистическое производство 
610 1 |a металлургическая промышленность 
610 1 |a государственное регулирование 
686 |a У03(2)я73  |v LBC/SL-A  |2 rubbk 
700 1 |a Сметанин  |b С. И.  |g Станислав Иннокентьевич 
801 1 |a RU  |b 63413507  |c 20070313  |g PSBO 
801 2 |a RU  |b 63413507  |c 20170614  |g PSBO 
900 |a Опыт предпринимательской деятельности 
900 |a История труда и предпринимательства 
942 |c BK 
959 |a 24/20070227  |d 2  |e 75,00  |f АНЛ:1  |f ЧЗГЛ:1